| 000 | 004820000a22001930004500 | ||
|---|---|---|---|
| 001 | 002101 | ||
| 003 | MACL | ||
| 005 | 20150710142148.0 | ||
| 008 | 150710b xxu||||| |||| 00| 0 eng d | ||
| 040 |
_aMACL _cMACL |
||
| 041 | _aEnglish | ||
| 082 | _a320HAR | ||
| 100 |
_aHaridas, N. _91601 |
||
| 245 |
_aRao and Nixon _bSinners and Patriots _cN. Haridas |
||
| 260 |
_aTrivandrum _c1998 _bNalini Haridas, |
||
| 350 | _a125 | ||
| 650 |
_aPolitical Science _988 |
||
| 942 |
_k320 _cBK _2ddc |
||
| 999 |
_c14017 _d14017 |
||